000 00595nam a2200241Ia 4500
003 OSt
005 20220928114149.0
006 a|||||r|||| 00| 0
007 ta
008 220927b |||||||| |||| 00| 0 eng d
024 _a112145
037 _cTextual
040 _aSDCL
_cSDCL
_beng
041 _2eng
_aeng
082 _aR1, L2
100 _aQuine W V
_9364478
245 0 _aMethds of logic.
250 _a3
260 _aNew York
_b Holt Rinehart And Wintson
_c1972
300 _aviii,280p.
_ccm.
942 _hR1, L2
_cTEXL
_2CC
999 _c753199
_d753199